| 000 | 00607cam a22002053a 4500 | ||
|---|---|---|---|
| 001 | 40892 | ||
| 003 | PGUSA | ||
| 005 | 20140828083920.0 | ||
| 008 | 120929s2012||||xxu|||||s|||||000 | eng d | ||
| 040 |
_aPGUSA _beng |
||
| 042 | _adc | ||
| 100 | 1 | _aKentish, Thomas | |
| 245 | 1 | 4 |
_aThe Pyrotechnist's Treasury : _bOr, Complete Art of Making Fireworks _h[electronic resource] / _cThomas Kentish |
| 260 |
_bProject Gutenberg, _c2012 |
||
| 506 | _aPublic domain in the USA. | ||
| 516 | _aElectronic text | ||
| 830 | 0 |
_aProject Gutenberg _v40892 |
|
| 856 | 4 | 0 | _uhttp://www.gutenberg.org/ebooks/40892 |
| 942 | _cEB | ||
| 999 |
_c270144 _d270144 |
||